| 000 | 01406nam a2200361 4500 | ||
|---|---|---|---|
| 999 |
_c4363 _d4363 |
||
| 001 | vtls000298482 | ||
| 003 | PNM | ||
| 005 | 20170529104620.0 | ||
| 008 | 011004s2000 myw l 00 may | ||
| 020 |
_a9678910918 (kkt.): _cRM9.00 |
||
| 040 | _aBNM | ||
| 082 | 0 | 4 |
_a342.595085 _221 |
| 090 | 0 | 0 |
_a342.595085 _bMAL _dM |
| 110 | 1 |
_aMalaysia _9400 |
|
| 245 | 1 | 0 |
_aAkta Suruhanjaya Hak Asasi Manusia Malaysia 1999 (Akta 597) = Human Rights Commission of Malaysia Act 1999 (Act 597) : _bhingga 10hb Julai 2007 / _cdisusun oleh Lembaga Penyelidikan Undang-Undang |
| 260 |
_aKuala Lumpur : _bInternational Law Book Services, _c2007 |
||
| 300 | 0 | 0 |
_a29ms. ; _c24cm |
| 500 | _aTeks bahasa Malaysia dan Inggeris | ||
| 650 | 0 |
_aCivil rights _xLaw and legislation _zMalaysia _98506 |
|
| 710 | 2 |
_aLembaga Penyelidikan Undang-Undang _98507 |
|
| 740 | 0 | 2 | _aHuman Rights Commission of Malaysia Act 1999 (Act 597) |
| 942 |
_2ddc _cBOOK |
||